000 00770nam a2200229 i 4500
001 10536
003 ES-MaACL
005 20250731070128.0
007 t|
008 950824s1955 sp f |||| |dspa d
080 _a86.09-3"1939/1955"
100 1 _aSalvador, Tomás.
_9102080
245 1 3 _aLa novela española en la postguerra /
_cpor Tomás Salvador.
260 _aMadrid :
_bPublicaciones Españolas,
_c1955.
300 _a30 p. :
_b[4] p. de lám. ;
_c24 cm.
490 1 _aTemas españoles ;
_v189
650 1 4 _aNovela española-
_yS.XX-
_xHistoria y crítica
_915617
830 0 _aTemas españoles ;
_v189
_9178712
852 _aES-MaACL
_jL-17827
852 _aES-MaACL
_j2236-F-7
_z. - Biblioteca Jacinto Martínez Lacalle
999 _c10536
_d10536